| 000 | 00969nam a22002177a 4500 | ||
|---|---|---|---|
| 999 |
_c3989 _d3989 |
||
| 005 | 20241204141138.0 | ||
| 008 | 241204b ||||| |||| 00| 0 eng d | ||
| 020 | _a9781782959557 | ||
| 040 | _cKH8 | ||
| 082 | _aFIC GRA | ||
| 100 |
_aGray, Kes _eAuthor |
||
| 245 |
_aDaisy and the trouble with zoos / _cKes Gray |
||
| 260 |
_aLondon, _bRed Fox, _c2020 |
||
| 300 |
_a204 pages : _billustrations ; _c20 cm. |
||
| 440 | _aDaisy | ||
| 520 | _aIt's Daisy's birthday and she's having a special birthday treat! Mum has invited her best friends, Gabby and Dylan, on a trip to the zoo - and, best of all, Mum has arranged for Daisy to go into the actual penguin cage with the actual zoo keeper and FEED actual penguins! REAL ACTUAL PENGUINS! With actual beaks and everything!! Trouble is, Daisy doesn't just feed the penguins, she 'adopts' one to take home.. | ||
| 650 | _aAnimal fiction | ||
| 650 | _aBirthdays | ||
| 650 | _aChildren's stories | ||
| 942 |
_2ddc _cFIC |
||